00370nam a22001337a 450000500170000000800410001704100120005808200120007010000120008224500420009426000460013630000290018265000250021120240807135714.0240807b |||||||| |||| 00| 0 eng d aEnglish a349 SOU lEnglish aSouth African Law Reports: Transvaal  aCape Town: bJuta and Company Ltd, c1918 bxv, 171 pages; c25 cm.  aLegal practice bLaw